NBA All-Star Starters From The Western Conference - Statistics

General Stats
  • This quiz has been taken 249 times
  • The average score is 36 of 61
Answer Stats
Answer % Correct
Stephen Curry
97%
Kobe Bryant
96%
LeBron James
95%
Russell Westbrook
94%
James Harden
93%
Kevin Durant
93%
Shaquille O'Neal
93%
Tim Duncan
90%
Chris Paul
88%
Magic Johnson
87%
Steve Nash
87%
Anthony Davis
84%
Hakeem Olajuwon
84%
Walter Davis
84%
John Stockton
83%
Karl Malone
82%
Kareem Abdul-Jabbar
80%
Kevin Johnson
78%
Marques Johnson
78%
David Robinson
77%
David Thompson
76%
Jason Kidd
76%
Kawhi Leonard
76%
Marc Gasol
76%
Kevin Garnett
75%
Charles Barkley
72%
Dwight Howard
71%
Clyde Drexler
70%
Luka Doncic
69%
Blake Griffin
67%
Gary Payton
67%
A.C. Green
66%
James Worthy
65%
Carmelo Anthony
64%
Allen Iverson
63%
Paul George
62%
Tracy McGrady
60%
Amar'e Stoudemire
57%
Yao Ming
57%
Chris Webber
56%
Shawn Kemp
54%
DeMarcus Cousins
50%
Chris Mullin
43%
Alex English
41%
George Gervin
39%
Andrew Bynum
29%
Mitch Richmond
28%
Kevin Love
27%
Ralph Sampson
23%
Adrian Dantley
22%
Alvin Robertson
22%
Latrell Sprewell
22%
Steve Francis
22%
Dan Majerle
18%
Dale Ellis
13%
Fat Lever
8%
Paul Westphal
7%
Maurice Lucas
5%
World B. Free
4%
Gus Williams
1%
Lonnie Shelton
1%
No matching quizzes found
Score Distribution
Percent of People with Each Score
Percentile by Number Answered
Your Score History
You have not taken this quiz